| 000 | 00614nam a2200241 a 4500 | ||
|---|---|---|---|
| 001 | nice12345678 | ||
| 003 | IN_TiNIC | ||
| 005 | 20260116011504.0 | ||
| 008 | 050524s1963 newa grp 000 0 eng | ||
| 020 |
_a _c100 |
||
| 082 | 0 | 0 |
_a234 _bBRA |
| 100 | _aBrandjon, S G F | ||
| 245 |
_aSaviour God _b Comparative Studies in the Concept of Salvation. |
||
| 260 |
_aNew York _bCross Road Publications _c1963 |
||
| 300 | _a242p | ||
| 500 | _aincludes index and biblioraphy | ||
| 505 | 2 | _aIllus, Index | |
| 650 | _aSalvation | ||
| 700 | 1 | _aBrandjon, S G F | |
| 902 | _bSRS | ||
| 942 | _cBK | ||
| 999 |
_c1996 _d1996 |
||